| 000 | 00397nmm a2200145Ia 4500 | ||
|---|---|---|---|
| 008 | 251105s9999||||xx |||||||||||||||||und|| | ||
| 041 | _aspa | ||
| 100 | _aBesa, Luisa | ||
| 245 | 0 | _aMetaversos | |
| 264 |
_a[Madrid, España] : _bEquipo Sirius, _c2007 |
||
| 300 | _a440 páginas | ||
| 650 | _aScience fiction & Fantasy | ||
| 856 | _uhttps://public.digitaliapublishing.com/a/70054 | ||
| 942 | _cCF | ||
| 999 |
_c104240 _d104240 |
||